00800nam a2200205 a 4500001001000000003000900010005001700019007000300036008004100039040002500080082000700105245008000112250001100192260007900203300002100282942001400303952009400317952016600411999001700577000045567DO-SdBNP20220504131007.0ta150415s1993 dr r 000 0 spa d aDO-SdBNPbspacBNPHU 422200aRecopilación de disposiciones legales relacionadas con la vida municipal. a3a ed. aSanto Domingo, República Dominicana :bLiga Municipal Dominicana,c1993. a906 p. ;c22 cm. 2ddccLBS1 00102ddc53708PDaBNPHUbBNPHUcHDd2015-04-15p45567-10r2020-06-25w2020-06-25yLBS1 00102ddc53708PDaBNPHUbBNPHUcHDd2019-05-29p45567-20r2020-06-25te. 2w2020-06-25yLBS1zPerteneció a la biblioteca personal de la familia Reyes Duluc. c45056d45056